00526 2200205 4500001002100000005001500021035002000036007000300056008004100059020001800100082001100118084001700129100002100146245006000167250001100227260003300238300003000271650000800301990001100309INLIS00000000000578820200622120626 a0010-0620000068ta200622 g 0 ind  a9786029434866 a612.66 a612.66 WER b0 aWERDAYANTI, Rina1 aBapak ASI dan Ibu Bekerja Menyusui 2 /cRina Werdayanti aCet. 1 aYogyakarta :bFamilia,c2015 avi,68 hlm ;c14,8 x 21 cm 4aASI a5722 a